000 00733nam a2200217Ia 4500
001 16773
003 GE_BSU
008 181216s||||||||xx |||||||||||||| ||und||
040 _cGE_BSU
080 _a910.4
245 _aშორეულ გზებზე
245 _bქართველ მოგზაურთა ჩანაწერები.
245 _cრედ. ი.ჩხიკვიშვილი
260 _aთბილისი
260 _bსაბლიტგამი
260 _c1959
300 _a392გვ. : ილ. ; 23სმ.
653 _aქართველ მოგზაურთა ჩანაწერები.
653 _aშორეულ გზებზე
942 _cBK
999 _c49838
_d49838